Les Trois Prophètes : le Mahdi, Gordon, Arabi /

محفوظ في:

المؤلف الرئيسي: Chaillé-Long, C. 1842-1917 (مؤلف)

مؤلفون آخرون: Munro, A. O.

التنسيق: كتاب

اللغة: French
English

منشور في: Paris : Dentu, 1886.

الموضوعات:

الوسوم: إضافة وسم

لا توجد وسوم, كن أول من يضع وسما على هذه التسجيلة!

رقم الطلب: DT107.3 .C513 1886

LEADER 00963namaa2200289 4500
001 14033
003 OSt
005 20250512051525.0
008 130303s1886 fr 000 0cfre d
040 |c ARCE Library 
041 1 |a fre  |h eng 
043 |a f-ua---  
050 4 |a DT107.3 .C513 1886 
100 1 |a Chaillé-Long, C.  |q (Charles),  |d 1842-1917,  |e author  |9 27880 
240 1 0 |a Three prophets.  |l French 
245 1 4 |a Les Trois Prophètes :  |b le Mahdi, Gordon, Arabi /  |c Charles Chaillé-Long ; traduction et appendice de A.O. Munro. 
264 1 |a Paris :   |b Dentu,   |c 1886. 
300 |a x, 290 pages ;  |c 19 cm. 
500 |a Translation of : The three prophets. 
600 1 0 |a Gordon, Charles George,  |d 1833-1885. 
600 1 0 |a Mahdī, Muḥammad Aḥmad  |d 1848-1885. 
600 1 0 |a ʻUrābī, Aḥmad,  |d 1840 or 41-1911. 
651 0 |a Egypt  |x History  |y British occupation, 1882-1936. 
700 1 |a Munro, A. O. 
901 |a reviewed 
942 |c BK  |2 lcc 
999 |c 13523  |d 13523